000 01135cam a2200397 4500
008 090401t1994 xxu||||| |||| 00| 0 eng d
020 _a0728202093
035 _a(Sirsi) u31443
041 _aeng
050 _a333.33
100 _aStapleton, Tim
245 _aEstate management practice
250 _a3rd ed.
260 _aLondon
_bEstates Gazette
_c1994
300 _axix,417p. ; 22cm.
350 _a21.5
520 _aThird edition of a standard text which provides a comprehensive study of the management of urban property.
650 _aCHARITIES
650 _aPROPERTY-COMMERCIAL PROPERTY
650 _aLEASES
650 _aPERFORMANCE MEASUREMENT
650 _aPRIVATE SECTOR PROPERTY
650 _aPROFESSIONAL PRACTICE
650 _aPROPERTY INVESTMENT
650 _aProperty management
_96262
650 _aPROPERTY PORTFOLIOS
650 _aPUBLIC SECTOR PROPERTY
650 _aRENT FREE PERIODS
650 _aRESIDENTIAL PROPERTY
_96266
650 _aSERVICE CHARGES
650 _aTAX PLANNING
650 _aTAXATION
650 _aURBAN PROPERTY
942 _n0
948 _c04/03/1997
999 _c89594
_d89594